01966nam a2200337 a 4500001001000000005001700010008004100027041000800068044000800076084002000084100005000104245019100154250000600345260003900351300002200390500028200412500007300694500036600767500001001133546002401143650005701167650006101224650003901285650005001324700005601374740005001430902000801480942001101488999001501499952011401514BRCA_323020190320204157.0040309s1792----enka---###---#000-0#eng-# aeng aenk a531b.R59c17921 aCervantes Saavedra, Miguel ded1547-1616921310aThe History and Adventures of the Renowned Don QuixotecTranslated from the Spanish of Miguel de Cervantes Saavedra to wich is Prefixed some Account of the Author´s Life by T. Smollett. a6 aLondresbF. and C. Rivingtonc1792 a4 v.bil.c18 cm. aContenido : v.1. Primera parte. Vida de Cervantes extractada de la escrita por Mayáns. Nota del traductor. Prólogo del autor. -- v.2. Texto. -- v.3. Segunda parte. Prólogo de Cervantes. Aprobaciones y licencia que suelen llevar las traducciones de Smollett. -- v.4. Texto aEdición : Illustrated with 12 new Copper-Plates Elegantly Engraved aReproducción de la traducción de Smollett, publicada en 1765, pero con láminas diferentes de las conocidas hasta entonces. Estas láminas, que son anónimas, demuestran que, aunque su autor era un gran dibujante, desconocía la época en que Cervantes hizo vivir a los personajes de su novela. La parte tipográfica es bastante buena Lúdovik Osterc aQM423 aTexto en : inglés14aNovela españolayÉpoca clásica, 1500-1700921514aLiteratura españolayÉpoca clásica, 1500-1700921614aNovela españolaySiglo XVII921714aDon Quijote (Personaje ficticio)eNovela92181 aSmollett, Tobias Georged1721-1771eTraductor986200 aEl Ingenioso Hidalgo Don Quijote de la Mancha aQFM 2lcccB c2966d2966 00104070aBRCAbBRCAd2009-03-04iQM423l0o531 .R59 1792 (QM423)p3227r2019-03-22 00:00:00w2019-03-22yB